Statistics for Ngurah Rai International Airport Destinations (Denpasar, Indonesia)

Click here to take the quiz!

General Stats

  • This quiz has been taken 37 times
  • The average score is 39 of 53

Answer Stats

AirlineDestination% Correct
VietJet AirHanoi
100%
AirAsia/AirAsia X/Batik Air Malaysia/Indonesia AirAsia/Malaysia AirlinesKuala Lumpur (International)
100%
Cebu Pacific/Philippine Airlines/Philippines AirlinesManila
100%
KLMAmsterdam
96%
Batik Air/Indonesia AirAsia/Thai AirAsia/Thai Lion AirBangkok (Don Mueang)
96%
Thai Airways InternationalBangkok (Suvarnabhumi)
96%
VietJet AirHo Chi Minh City
96%
Cathay Pacific/Garuda Indonesia/Hong Kong AirlinesHong Kong
96%
Batik Air/CitilinkJakarta (Halim Perdanakusuma)
96%
Batik Air/Citilink/Garuda Indonesia/Indonesia AirAsia/Lion Air/NAM Air/Pelita Air/Super Air Jet/TransNusaJakarta (Soekarno-Hatta)
96%
Batik Air/Garuda Indonesia/Jetstar/Qantas/Virgin AustraliaMelbourne
96%
Batik Air/Batik Air Malaysia/Citilink/Indonesia AirAsia/JetstarPerth
96%
Batik Air/Garuda Indonesia/Indonesia AirAsia/Jetstar AirAsia/KLM/Scoot/Singapore AirlinesSingapore
96%
Garuda IndonesiaTokyo (Narita)
96%
Air New ZealandAuckland
92%
Batik Air Malaysia/Jetstar/Virgin AustraliaBrisbane
92%
JetstarDarwin
92%
EmiratesDubai (International)
92%
China Eastern Airlines/Juneyao AirShanghai (Pudong)
92%
Batik Air/Batik Air Malaysia/Garuda Indonesia/Jetstar/Qantas/Virgin AustraliaSydney
92%
Batik Air/Jetstar/Virgin AustraliaAdelaide
88%
Turkish AirlinesIstanbul
88%
Garuda Indonesia/Korean AirSeoul (Incheon)
88%
Aero Dili/Batik Air/CitilinkDili
85%
Qatar AirwaysDoha
85%
China Southern AirlinesGuangzhou
85%
Citilink/Garuda Indonesia/Indonesia AirAsia/Lion Air/Super Air JetSurabaya
81%
Citilink/Indonesia AirAsia/Super Air JetBandung
77%
Citilink/Indonesia AirAsia/Super Air JetBandung (Kertajati)
77%
China Airlines/EVA AirTaipei (Taoyuan)
77%
XiamenAirXiamen
77%
Batik AirMedan
73%
JetstarCairns
69%
VietJet AirDa Nang
69%
Citilink/Garuda Indonesia/Lion Air/Sriwijaya AirMakassar
69%
Lion AirShenzhen
65%
Garuda Indonesia/Indonesia AirAsia/Lion AirYogyakarta (International)
65%
Virgin AustraliaGold Coast
62%
Lion AirManado
58%
CitilinkPort Moresby
58%
Wings AirSemarang
58%
Lion Air/Wings AirKupang
54%
Citilink/Indonesia AirAsia/Wings AirLombok
54%
Wings AirBima
38%
Wings AirEnde
38%
Wings AirMalang
38%
Wings AirWaingapu
38%
Wings AirMaumere
35%
Indonesia AirAsia/Lion Air/Wings AirSolo
31%
Citilink/NAM Air/Wings AirTambolaka
31%
Sriwijaya AirFuzhou
27%
Citilink/Indonesia AirAsia/Lion AirBalikapapan
19%
Batik Air/Citilink/Garuda Indonesia/Indonesia AirAsia/Wings AirLebuan Bajo
19%

Score Distribution

Percentile by Number Answered

Percent of People with Each Score

Your Score History

You have not taken this quiz